00700nam a22002417a 450000500170000000800410001702000170005804100080007508200220008310000380010524500590014325000160020226000150021826000090023326000090024230000180025165000190026965000150028865000250030365000270032865000520035565000510040720231121172916.0160601b2012 xxu||||| |||| 00| 0 spa d a978997134406 aESP a343.054.6 C8374L4 aCosta Rica. Leyes, decretos, etc. aLey de impuesto sobre bienes inmuebles y su reglamento a4 edición aCosta Rica bIJSA c2012 a113 páginas aDERECHO FISCAL aCOSTA RICA aIMPUESTO TERRITORIAL aIMPUESTO INMOBILIARIOS aLEY DE IMPUESTO DE TRASPASO DE BIENES INMUEBLES aLEY DE IMPUESTO A LAS VIVIENDAS DE ALTO VALOR